UEFA Euro 2024 Final Spain - England - Statistics

General Stats
  • This quiz has been taken 682 times
  • The average score is 23 of 31
Answer Stats
Player % Correct
Harry Kane
97%
Lamine Yamal
96%
Jordan Pickford
92%
Nico Williams ¹
88%
Álvaro Morata
87%
John Stones
87%
Jude Bellingham
86%
Phil Foden
86%
Unai Simón
86%
Bukayo Saka
85%
Cole Palmer ¹
83%
Dani Carvajal
83%
Declan Rice
82%
Kyle Walker
82%
Rodri
82%
Dani Olmo
81%
Gareth Southgate
79%
Marc Cucurella
78%
Aymeric Laporte
71%
Luke Shaw
70%
Marc Guéhi
70%
Mikel Oyarzabal ¹
67%
Robin Le Normand
65%
Fabián Ruiz
62%
Ollie Watkins
61%
Mikel Merino
55%
Kobbie Mainoo
54%
Luis de la Fuente
54%
Martín Zubimendi
50%
Nacho
38%
Ivan Toney
36%
No matching quizzes found
Score Distribution
Percent of People with Each Score
Percentile by Number Answered
Your Score History
You have not taken this quiz